STN EN IEC 62485-2: 2020 (36 4380), Bezpečnostné požiadavky na akumulátorové batérie a inštalácie batérií Časť 2 Stacionárne batérie

Táto norma je slovenskou verziou európskej normy EN IEC 62485-2: 2018. Preklad zabezpečil Úrad pre normalizáciu, metrológiu a skúšobníctvo Slovenskej republiky. Táto norma má rovnaké postavenie, ako majú oficiálne verzie

Bibliographic Details
Other Authors: Čatloš, Krompachy (Translator)
Format: Book
Language:Slovak
English
PhysicalDescription:40 s. grafy, obrázky, tabuľky 30 cm
Published: Bratislava Úrad pre normalizáciu, metrológiu a skúšobníctvo Slovenskej republiky 2020
Subjects:

MARC

LEADER 00000cam a2200000 a 4500
001 vtls011996109
003 SK-MaSNL
005 20260301190603.0
008 201006s2020 xo a f u 000 0 slo
015 |a SNBN2020 
040 |a SNK  |b slo  |c SNK  |e AACR2 
041 1 |a slo  |h eng 
044 |a xo  |c SK 
046 |a s  |m 20201001 (účin.) 
072 7 |a 621.3  |x Elektrotechnika  |2 konspekt 
072 7 |a 331  |x Práca  |2 konspekt 
080 |a 621.355  |2 2001 
080 |a 006.7/.8  |2 2001 
080 |a (437.6)  |2 2001 
080 |a (4)  |2 2001 
080 |a 331.45  |2 2011 
080 |a bezpečnosť práce  |2 1981 
084 |a 29.220.20  |2 ICS 
084 |a 29.220.30  |2 ICS 
130 0 |a STN 36 4380 (STN EN IEC 62485-2)  |9 566031 
245 1 0 |a STN EN IEC 62485-2: 2020 (36 4380), Bezpečnostné požiadavky na akumulátorové batérie a inštalácie batérií  |n Časť 2  |p Stacionárne batérie 
246 1 0 |a Bezpečnostné požiadavky na akumulátorové batérie a inštalácie batérií. Časť 2 
246 1 0 |a Stacionárne batérie 
246 3 0 |a EN 62485-2: 2018 SK 
246 3 0 |a EN IEC 62485-2: 2018 
260 |a Bratislava  |b Úrad pre normalizáciu, metrológiu a skúšobníctvo Slovenskej republiky  |c 2020 
300 |a 40 s.  |b grafy, obrázky, tabuľky  |c 30 cm 
500 |a Súbežný názov v angličtine, francúzštine, nemčine 
500 |a Spracovateľ: Marcel Čatloš, Krompachy 
500 |a Táto norma nahrádza anglickú verziu STN EN IEC 62485-2 z januára 2019, ktorá od 1.1.2019 nahradila STN EN 50272-2 z júla 2003 v celom rozsahu 
504 |a Normatívne referenčné dokumenty s. 2-3 ; literatúra s. 36 
520 8 |a Táto norma je slovenskou verziou európskej normy EN IEC 62485-2: 2018. Preklad zabezpečil Úrad pre normalizáciu, metrológiu a skúšobníctvo Slovenskej republiky. Táto norma má rovnaké postavenie, ako majú oficiálne verzie 
540 |a STN vydané na akomkoľvek nosiči sa môžu rozmnožovať a rozširovať iba so súhlasom určenej právnickej osoby  |b SÚTN Bratislava  |c zákon 264/1999 Z. z. 
650 0 7 |a akumulátory  |2 SNKPH  |9 49750 
650 0 7 |a technické normy a štandardy  |z Slovensko  |2 SNKPH  |9 79594 
650 0 7 |a technické normy a štandardy  |z krajiny Európskej únie  |2 SNKPH  |9 289341 
650 0 7 |a Storage batteries  |2 SNKPHeng  |9 409346 
650 0 7 |a Industrial safety  |2 SNKPHeng  |9 267226 
650 0 7 |a bezpečnosť práce  |2 SNKPH  |9 1296 
655 7 |a normy  |2 SNKPH  |9 70643 
700 1 |a Čatloš, Krompachy  |4 trl  |9 566032 
710 1 |a Slovensko.  |b Úrad pre normalizáciu, metrológiu a skúšobníctvo  |4 stn  |9 158117 
710 2 |a Slovenský ústav technickej normalizácie  |4 stn  |9 32706 
852 |a Štátna vedecká knižnica v Banskej Bystrici 
958 |a OP 
958 |a NB 
999 |c 868039  |d 869969 
952 |a SNK  |b SNK  |y PREZ  |7 0  |p 17A1446465  |o snkSTN EN IEC 62485-2  |i snk2020/20483  |8 0  |0 0  |1 0  |4 0  |d 2020-11-10  |l 0  |r 2026-02-24 05:33:04  |w 2026-02-24 
952 |a SNK  |b SNK  |y PREZ  |7 0  |p 17A1446464  |o snkSTN EN IEC 62485-2 D1  |i snk2020/20484  |8 0  |0 0  |1 0  |4 0  |d 2020-11-10  |l 0  |r 2026-02-24 05:33:04  |w 2026-02-24